[Event "Bundesliga 9900"]
[Site "Deutschland"]
[Date "1999.10.09"]
[Round "1.6"]
[White "Schandorff, Lars"]
[Black "Hellsten, Johan"]
[Result "1/2-1/2"]
[WhiteElo "2514"]
[BlackElo "2464"]
[PlyCount "52"]
[EventDate "1999.10.09"]
[EventType "team"]
[EventRounds "15"]
[EventCountry "GER"]
[SourceTitle "Bundesliga 9900"]
[Source "DeepChess"]
[SourceDate "2005.01.01"]
[SourceVersion "1"]
[SourceVersionDate "2005.01.01"]
[SourceQuality "1"]
[WhiteTeam "SAbt SV Werder Bremen"]
[BlackTeam "SF Neukoelln 03 e.V."]
[WhiteTeamCountry "GER"]
[BlackTeamCountry "GER"]

1. Nf3 Nf6 2. g3 d5 3. Bg2 c6 4. O-O Bg4 5. c4 e6 6. d3 Be7 7. cxd5 exd5 8. Nc3
O-O 9. h3 Bxf3 10. Bxf3 Nbd7 11. Bg2 Re8 12. e4 dxe4 13. dxe4 Bb4 14. Qc2 Bxc3
15. bxc3 Nc5 16. Rd1 Qa5 17. Rd4 Rad8 18. Bd2 Ne6 19. Rxd8 Rxd8 20. Be3 h5 21.
f4 h4 22. g4 Nc5 23. Bd4 Ne6 24. Be3 Nc5 25. Bd4 Ne6 26. Be3 Nc5 1/2-1/2

[Event "Bundesliga 9900"]
[Site "Deutschland"]
[Date "1999.10.09"]
[Round "1.8"]
[White "Meins, Gerlef"]
[Black "Thiede, Lars"]
[Result "1/2-1/2"]
[WhiteElo "2421"]
[BlackElo "2386"]
[PlyCount "62"]
[EventDate "1999.10.09"]
[EventType "team"]
[EventRounds "15"]
[EventCountry "GER"]
[SourceTitle "Bundesliga 9900"]
[Source "DeepChess"]
[SourceDate "2005.01.01"]
[SourceVersion "1"]
[SourceVersionDate "2005.01.01"]
[SourceQuality "1"]
[WhiteTeam "SAbt SV Werder Bremen"]
[BlackTeam "SF Neukoelln 03 e.V."]
[WhiteTeamCountry "GER"]
[BlackTeamCountry "GER"]

1. d4 g6 2. c4 Bg7 3. Nc3 d6 4. e4 Nf6 5. Be2 O-O 6. Bg5 Na6 7. f4 c6 8. Nf3
Nc7 9. Qd2 Ne6 10. Bh4 Bh6 11. g3 Nh5 12. d5 Nc5 13. Nd4 Nf6 14. Bxf6 exf6 15.
dxc6 Re8 16. c7 Qxc7 17. Ndb5 Qc6 18. Nxd6 Re6 19. O-O-O Bf8 20. Nxc8 Nxe4 21.
Nxe4 Qxe4 22. Bd3 Qc6 23. Rhe1 Rxc8 24. Rxe6 Qxe6 25. Kb1 Qb6 26. Qc2 f5 27.
Qb3 Qc7 28. Be2 Re8 29. Bf3 b6 30. Qd3 Rc8 31. Bd5 Re8 1/2-1/2

[Event "Bundesliga 9900"]
[Site "Deutschland"]
[Date "1999.10.09"]
[Round "1.1"]
[White "Jussupow, Artur"]
[Black "Schlosser, Philipp"]
[Result "1/2-1/2"]
[WhiteElo "2636"]
[BlackElo "2512"]
[PlyCount "68"]
[EventDate "1999.10.09"]
[EventType "team"]
[EventRounds "15"]
[EventCountry "GER"]
[SourceTitle "Bundesliga 9900"]
[Source "DeepChess"]
[SourceDate "2005.01.01"]
[SourceVersion "1"]
[SourceVersionDate "2005.01.01"]
[SourceQuality "1"]
[WhiteTeam "SG 1868 Aljech. Solingen"]
[BlackTeam "SK Passau 1869"]
[WhiteTeamCountry "GER"]
[BlackTeamCountry "GER"]

1. d4 Nf6 2. c4 e6 3. Nc3 Bb4 4. Bg5 c5 5. d5 h6 6. Bh4 exd5 7. cxd5 d6 8. e3
Nbd7 9. Bd3 O-O 10. Nge2 a6 11. O-O Re8 12. a4 Ne5 13. Bc2 Ng6 14. Bxg6 fxg6
15. Qd3 Bf5 16. Qc4 g5 17. Bg3 h5 18. h3 Qd7 19. h4 Ne4 20. hxg5 Nd2 21. Qh4
Nxf1 22. Rxf1 Bd3 23. Qxh5 Bxc3 24. Nxc3 g6 25. Qh4 Bxf1 26. Kxf1 b5 27. Ne4
Rxe4 28. Qxe4 Qf5 29. Qxf5 gxf5 30. Bxd6 Rd8 31. Bxc5 Rxd5 32. Bd4 bxa4 33. Ke2
Kf7 34. f4 Ra5 1/2-1/2

[Event "Bundesliga 9900"]
[Site "Deutschland"]
[Date "1999.10.09"]
[Round "1.2"]
[White "Ribli, Zoltan"]
[Black "Huebner, Robert"]
[Result "1-0"]
[WhiteElo "2586"]
[BlackElo "2599"]
[PlyCount "75"]
[EventDate "1999.10.09"]
[EventType "team"]
[EventRounds "15"]
[EventCountry "GER"]
[SourceTitle "Bundesliga 9900"]
[Source "DeepChess"]
[SourceDate "2005.01.01"]
[SourceVersion "1"]
[SourceVersionDate "2005.01.01"]
[SourceQuality "1"]
[WhiteTeam "SK Passau 1869"]
[BlackTeam "SG 1868 Aljech. Solingen"]
[WhiteTeamCountry "GER"]
[BlackTeamCountry "GER"]

1. Nf3 d5 2. d4 Nf6 3. c4 c6 4. Nc3 dxc4 5. a4 Bf5 6. Ne5 Nbd7 7. Nxc4 Qc7 8.
g3 e5 9. dxe5 Nxe5 10. Bf4 Nfd7 11. Bg2 f6 12. O-O Nc5 13. Ne3 Bg6 14. b4 Ne6
15. b5 Rd8 16. Qb3 Bf7 17. Bxe5 fxe5 18. bxc6 bxc6 19. Rab1 Nd4 20. Qb7 Bd6 21.
Qa6 O-O 22. Nc4 Qe7 23. Rb7 Qe6 24. Nxd6 Qxd6 25. Ne4 Qg6 26. e3 Nb3 27. Re7
Rde8 28. Qxa7 Bd5 29. Rxe8 Rxe8 30. Qb6 Kh8 31. Nc3 Nd2 32. Nxd5 Nxf1 33. Nc7
Rf8 34. Bxf1 e4 35. Qb2 Qd6 36. Na6 c5 37. Qc2 Qd5 38. Qxc5 1-0

[Event "Bundesliga 9900"]
[Site "Deutschland"]
[Date "1999.10.09"]
[Round "1.3"]
[White "Piket, Jeroen"]
[Black "Wells, Peter K"]
[Result "1-0"]
[WhiteElo "2625"]
[BlackElo "2476"]
[PlyCount "55"]
[EventDate "1999.10.09"]
[EventType "team"]
[EventRounds "15"]
[EventCountry "GER"]
[SourceTitle "Bundesliga 9900"]
[Source "DeepChess"]
[SourceDate "2005.01.01"]
[SourceVersion "1"]
[SourceVersionDate "2005.01.01"]
[SourceQuality "1"]
[WhiteTeam "SG 1868 Aljech. Solingen"]
[BlackTeam "SK Passau 1869"]
[WhiteTeamCountry "GER"]
[BlackTeamCountry "GER"]

1. d4 Nf6 2. c4 e6 3. Nf3 b6 4. a3 Ba6 5. Qc2 Bb7 6. Nc3 c5 7. e4 cxd4 8. Nxd4
Nc6 9. Nxc6 Bxc6 10. e5 Ng4 11. Qe2 Qh4 12. h3 Nh6 13. g3 Qd8 14. Ne4 Nf5 15.
Bg2 Be7 16. O-O O-O 17. Bf4 a5 18. Rad1 Qc8 19. h4 f6 20. Rd2 a4 21. Rfd1 Rf7
22. exf6 gxf6 23. Bd6 Bd8 24. Bb4 Rg7 25. h5 Qc7 26. Nd6 Nxd6 27. Bxc6 Qxc6 28.
Rxd6 1-0

[Event "Bundesliga 9900"]
[Site "Deutschland"]
[Date "1999.10.09"]
[Round "1.4"]
[White "Smejkal, Jan"]
[Black "Kasimdzhanov, Rustam"]
[Result "0-1"]
[WhiteElo "2526"]
[BlackElo "2603"]
[PlyCount "74"]
[EventDate "1999.10.09"]
[EventType "team"]
[EventRounds "15"]
[EventCountry "GER"]
[SourceTitle "Bundesliga 9900"]
[Source "DeepChess"]
[SourceDate "2005.01.01"]
[SourceVersion "1"]
[SourceVersionDate "2005.01.01"]
[SourceQuality "1"]
[WhiteTeam "SK Passau 1869"]
[BlackTeam "SG 1868 Aljech. Solingen"]
[WhiteTeamCountry "GER"]
[BlackTeamCountry "GER"]

1. Nf3 g6 2. c4 Bg7 3. d4 Nf6 4. g3 O-O 5. Bg2 d6 6. O-O Nc6 7. Nc3 a6 8. h3
Bd7 9. Be3 Rb8 10. Rc1 b5 11. b3 bxc4 12. bxc4 Na5 13. Nd5 Rb2 14. Qd3 Rxa2 15.
Nxf6+ Bxf6 16. Bh6 Re8 17. e4 Ra4 18. e5 Bh8 19. Rfe1 Bf5 20. Qe2 c5 21. g4 Bc8
22. dxc5 dxc5 23. Ng5 Bg7 24. Bxg7 Kxg7 25. Ne4 Qc7 26. Nf6 Rd8 27. Nd5 Qa7 28.
Rc3 Be6 29. h4 h6 30. h5 g5 31. f4 Bxd5 32. Bxd5 e6 33. Bg2 gxf4 34. g5 hxg5
35. h6+ Kh8 36. Qh5 Qe7 37. Rd1 Rd4 0-1

[Event "Bundesliga 9900"]
[Site "Deutschland"]
[Date "1999.10.09"]
[Round "1.5"]
[White "Lobron, Eric"]
[Black "Enders, Peter"]
[Result "0-1"]
[WhiteElo "2540"]
[BlackElo "2493"]
[PlyCount "80"]
[EventDate "1999.10.09"]
[EventType "team"]
[EventRounds "15"]
[EventCountry "GER"]
[SourceTitle "Bundesliga 9900"]
[Source "DeepChess"]
[SourceDate "2005.01.01"]
[SourceVersion "1"]
[SourceVersionDate "2005.01.01"]
[SourceQuality "1"]
[WhiteTeam "SG 1868 Aljech. Solingen"]
[BlackTeam "SK Passau 1869"]
[WhiteTeamCountry "GER"]
[BlackTeamCountry "GER"]

1. Nf3 Nf6 2. c4 b6 3. g3 Bb7 4. Bg2 e6 5. O-O Be7 6. b3 O-O 7. Bb2 c5 8. e3 d5
9. Qe2 dxc4 10. bxc4 Nc6 11. d3 Qd6 12. Nc3 Rad8 13. Ne1 Rd7 14. f4 Nb4 15.
Bxb7 Rxb7 16. g4 Qd8 17. a3 Nc6 18. Qg2 Na5 19. Rf3 Ne8 20. Rh3 Rd7 21. Qe4 g6
22. g5 Nd6 23. Qg2 Ndxc4 24. dxc4 Rd2 25. Qg4 Rxb2 26. Ne4 Nxc4 27. Rd1 Nd2 28.
Ng3 c4 29. Rc1 f5 30. gxf6 Rxf6 31. Nh5 Rf5 32. Ng3 Nb3 33. Rxc4 Qd2 34. Rc8+
Bf8 35. Nc2 Rxc2 36. Rxc2 Qxc2 37. Nxf5 Qxf5 38. Qh4 h5 39. Rg3 Nd2 40. Kg2 Ne4
0-1

[Event "Bundesliga 9900"]
[Site "Deutschland"]
[Date "1999.10.09"]
[Round "1.6"]
[White "Stangl, Markus"]
[Black "Naumann, Alexander"]
[Result "1/2-1/2"]
[WhiteElo "2517"]
[BlackElo "2478"]
[PlyCount "82"]
[EventDate "1999.10.09"]
[EventType "team"]
[EventRounds "15"]
[EventCountry "GER"]
[SourceTitle "Bundesliga 9900"]
[Source "DeepChess"]
[SourceDate "2005.01.01"]
[SourceVersion "1"]
[SourceVersionDate "2005.01.01"]
[SourceQuality "1"]
[WhiteTeam "SK Passau 1869"]
[BlackTeam "SG 1868 Aljech. Solingen"]
[WhiteTeamCountry "GER"]
[BlackTeamCountry "GER"]

1. Nf3 Nf6 2. c4 g6 3. g3 Bg7 4. Bg2 O-O 5. d4 d5 6. cxd5 Nxd5 7. O-O Nb6 8.
Nc3 Nc6 9. d5 Na5 10. Qc2 c6 11. dxc6 Nxc6 12. Rd1 Bf5 13. e4 Bd7 14. Bh3 Qe8
15. Bxd7 Nxd7 16. Be3 Rc8 17. Rac1 a6 18. Qb3 b5 19. Nd5 e6 20. Nb6 Nxb6 21.
Bxb6 Kh8 22. Qa3 a5 23. Bxa5 Nxa5 24. Rxc8 Qxc8 25. Qxa5 Qc2 26. Rd8 Qxb2 27.
Qc7 Kg8 28. Kg2 Rxd8 29. Qxd8+ Bf8 30. Qd7 b4 31. Qc7 Qf6 32. Ne5 Kg7 33. Nd3
Kg8 34. Qc4 Qe7 35. Ne5 Qd6 36. Nd3 h5 37. h3 Be7 38. Kg1 Qb6 39. Kg2 Qd6 40.
Qc8+ Kg7 41. Qc4 Kg8 1/2-1/2

[Event "Bundesliga 9900"]
[Site "Deutschland"]
[Date "1999.10.09"]
[Round "1.7"]
[White "Chandler, Murray G"]
[Black "Pichler, Juergen"]
[Result "1-0"]
[WhiteElo "2505"]
[BlackElo "2412"]
[PlyCount "45"]
[EventDate "1999.10.09"]
[EventType "team"]
[EventRounds "15"]
[EventCountry "GER"]
[SourceTitle "Bundesliga 9900"]
[Source "DeepChess"]
[SourceDate "2005.01.01"]
[SourceVersion "1"]
[SourceVersionDate "2005.01.01"]
[SourceQuality "1"]
[WhiteTeam "SG 1868 Aljech. Solingen"]
[BlackTeam "SK Passau 1869"]
[WhiteTeamCountry "GER"]
[BlackTeamCountry "GER"]

1. e4 c6 2. d4 d5 3. Nd2 dxe4 4. Nxe4 Nd7 5. Nf3 Ngf6 6. Ng3 e6 7. Bd3 c5 8.
O-O Be7 9. b3 O-O 10. Bb2 b6 11. c4 Bb7 12. Qe2 Re8 13. Rad1 Qc7 14. Bc2 Rad8
15. dxc5 Bxc5 16. Ne4 Be7 17. Nd4 a6 18. Ng5 Nf8 19. Ndf3 Qc6 20. Nxf7 Rxd1 21.
Rxd1 e5 22. N7xe5 Bc5 23. b4 1-0

[Event "Bundesliga 9900"]
[Site "Deutschland"]
[Date "1999.10.09"]
[Round "1.8"]
[White "Schmidt, Peter"]
[Black "Schaefer, Markus"]
[Result "1-0"]
[WhiteElo "2389"]
[BlackElo "2402"]
[PlyCount "117"]
[EventDate "1999.10.09"]
[EventType "team"]
[EventRounds "15"]
[EventCountry "GER"]
[SourceTitle "Bundesliga 9900"]
[Source "DeepChess"]
[SourceDate "2005.01.01"]
[SourceVersion "1"]
[SourceVersionDate "2005.01.01"]
[SourceQuality "1"]
[WhiteTeam "SK Passau 1869"]
[BlackTeam "SG 1868 Aljech. Solingen"]
[WhiteTeamCountry "GER"]
[BlackTeamCountry "GER"]

1. d4 d5 2. c4 c6 3. cxd5 cxd5 4. Nf3 Nf6 5. Nc3 Nc6 6. Bf4 e6 7. e3 Nh5 8. Bg5
Qb6 9. Bb5 h6 10. Bh4 Bd7 11. O-O Bd6 12. Nd2 Nf6 13. e4 Qxd4 14. Bxf6 gxf6 15.
exd5 exd5 16. Nf3 Qxd1 17. Raxd1 O-O-O 18. Nxd5 Bg4 19. Rc1 Bxf3 20. gxf3 Rhg8+
21. Kh1 Rg5 22. Bxc6 bxc6 23. Nxf6 Rg6 24. Ne4 Be5 25. b3 Rd5 26. Rg1 Kc7 27.
Rc2 Bf4 28. Ng3 Rd3 29. Rc4 Bd6 30. Rgc1 Bxg3 31. hxg3 Rxf3 32. Kg2 Rd3 33. Rf4
Rd7 34. Rc5 Re6 35. Rcf5 Re2 36. a4 Rb2 37. Rf3 Kb6 38. Rf6 h5 39. R6f5 Rd5 40.
Rxf7 a5 41. Rc3 Rd6 42. Rf8 Rg6 43. Kh3 Rd6 44. Kh4 Rd5 45. Rf6 Kb7 46. Kh3 Rd4
47. Rcxc6 Rxb3 48. Rce6 Rbb4 49. Rf7+ Kc8 50. Ra6 Kb8 51. Rxa5 Rxa4 52. Rxh5
Rd8 53. f4 Kc8 54. Kg4 Rb4 55. Rhh7 Rg8+ 56. Rhg7 Rh8 57. Kg5 Ra4 58. g4 Ra6
59. Ra7 1-0

[Event "Bundesliga 9900"]
[Site "Deutschland"]
[Date "1999.10.09"]
[Round "1.2"]
[White "Van Wely, Loek"]
[Black "Kindermann, Stefan"]
[Result "1-0"]
[WhiteElo "2625"]
[BlackElo "2525"]
[PlyCount "63"]
[EventDate "1999.10.09"]
[EventType "team"]
[EventRounds "15"]
[EventCountry "GER"]
[SourceTitle "Bundesliga 9900"]
[Source "DeepChess"]
[SourceDate "2005.01.01"]
[SourceVersion "1"]
[SourceVersionDate "2005.01.01"]
[SourceQuality "1"]
[WhiteTeam "SG Porz e.V."]
[BlackTeam "SK Koenig Plauen"]
[WhiteTeamCountry "GER"]
[BlackTeamCountry "GER"]

1. d4 Nf6 2. c4 g6 3. Nc3 Bg7 4. e4 d6 5. Nf3 O-O 6. Be2 e5 7. O-O Na6 8. Be3
Ng4 9. Bg5 Qe8 10. dxe5 h6 11. Bc1 dxe5 12. h3 Nf6 13. Be3 Qe7 14. a3 c6 15. b4
Nh5 16. Re1 Nf4 17. Bf1 Ne6 18. Ra2 f5 19. Bc1 f4 20. Rd2 Nac7 21. Nd5 Qf7 22.
Nxc7 Qxc7 23. c5 Re8 24. Rd6 Nf8 25. Bb2 Qe7 26. Bc4+ Kh7 27. Qb3 Bd7 28. Red1
g5 29. Bf7 Red8 30. Bg8+ Kh8 31. Qf7 Qxf7 32. Bxf7 1-0

[Event "Bundesliga 9900"]
[Site "Deutschland"]
[Date "1999.10.09"]
[Round "1.3"]
[White "Bischoff, Klaus"]
[Black "Timman, Jan H"]
[Result "1/2-1/2"]
[WhiteElo "2509"]
[BlackElo "2650"]
[PlyCount "55"]
[EventDate "1999.10.09"]
[EventType "team"]
[EventRounds "15"]
[EventCountry "GER"]
[SourceTitle "Bundesliga 9900"]
[Source "DeepChess"]
[SourceDate "2005.01.01"]
[SourceVersion "1"]
[SourceVersionDate "2005.01.01"]
[SourceQuality "1"]
[WhiteTeam "SK Koenig Plauen"]
[BlackTeam "SG Porz e.V."]
[WhiteTeamCountry "GER"]
[BlackTeamCountry "GER"]

1. c4 e5 2. Nc3 Nf6 3. e3 Nc6 4. a3 g6 5. b4 Bg7 6. Bb2 O-O 7. Nge2 d6 8. Ng3
h5 9. d3 Ng4 10. h3 Nh6 11. Nge2 f5 12. b5 Na5 13. g3 c6 14. Bg2 Be6 15. Rb1 h4
16. O-O g5 17. bxc6 bxc6 18. Bc1 g4 19. hxg4 hxg3 20. Nxg3 Nxg4 21. f3 Qh4 22.
fxg4 Qxg3 23. Bd2 fxg4 24. Ne4 Qh4 25. Qe1 Rxf1+ 26. Bxf1 Qxe1 27. Bxe1 Bh6 28.
Bxa5 1/2-1/2

[Event "Bundesliga 9900"]
[Site "Deutschland"]
[Date "1999.10.09"]
[Round "1.4"]
[White "Sokolov, Ivan"]
[Black "Espig, Lutz"]
[Result "1/2-1/2"]
[WhiteElo "2656"]
[BlackElo "2423"]
[PlyCount "109"]
[EventDate "1999.10.09"]
[EventType "team"]
[EventRounds "15"]
[EventCountry "GER"]
[SourceTitle "Bundesliga 9900"]
[Source "DeepChess"]
[SourceDate "2005.01.01"]
[SourceVersion "1"]
[SourceVersionDate "2005.01.01"]
[SourceQuality "1"]
[WhiteTeam "SG Porz e.V."]
[BlackTeam "SK Koenig Plauen"]
[WhiteTeamCountry "GER"]
[BlackTeamCountry "GER"]

1. d4 Nf6 2. c4 d6 3. Nc3 Nbd7 4. Nf3 e5 5. e4 Be7 6. Be2 O-O 7. O-O c6 8. Qc2
a6 9. Rd1 Qc7 10. Bg5 Re8 11. Rac1 h6 12. Bh4 Nh7 13. Bxe7 Rxe7 14. b4 Nhf6 15.
a3 Re8 16. h3 b6 17. Qd2 Bb7 18. Nh4 Nf8 19. Nf5 Rad8 20. dxe5 dxe5 21. Qe3 Bc8
22. Na4 Rxd1+ 23. Rxd1 b5 24. Nc5 Rd8 25. Rxd8 Qxd8 26. Qd3 Qe8 27. Nd6 Qd8 28.
Nf5 Qe8 29. Qd6 Ng6 30. g3 Nxe4 31. Nxh6+ Kh7 32. Nxe4 Kxh6 33. h4 f6 34. Qd2+
Kh7 35. Nd6 Qf8 36. c5 Be6 37. Bd3 f5 38. Qg5 Ne7 39. Bc2 Kg8 40. f3 Qf6 41.
Qxf6 gxf6 42. Kf2 Kf8 43. Bb1 Bd7 44. Kg1 Kg7 45. Kh2 Kf8 46. Kh3 Kg7 47. h5 e4
48. fxe4 fxe4+ 49. g4 e3 50. Bd3 Ng8 51. Kh4 Nh6 52. g5 fxg5+ 53. Kxg5 Bg4 54.
Ne8+ Kf7 55. Nd6+ 1/2-1/2

[Event "Bundesliga 9900"]
[Site "Deutschland"]
[Date "1999.10.09"]
[Round "1.6"]
[White "Hansen, Curt"]
[Black "Schaller, Sven"]
[Result "1-0"]
[WhiteElo "2607"]
[BlackElo "2308"]
[PlyCount "77"]
[EventDate "1999.10.09"]
[EventType "team"]
[EventRounds "15"]
[EventCountry "GER"]
[SourceTitle "Bundesliga 9900"]
[Source "DeepChess"]
[SourceDate "2005.01.01"]
[SourceVersion "1"]
[SourceVersionDate "2005.01.01"]
[SourceQuality "1"]
[WhiteTeam "SG Porz e.V."]
[BlackTeam "SK Koenig Plauen"]
[WhiteTeamCountry "GER"]
[BlackTeamCountry "GER"]

1. e4 e6 2. d4 d5 3. Nd2 c5 4. Ngf3 Nc6 5. exd5 exd5 6. Bb5 Bd6 7. dxc5 Bxc5 8.
O-O Nge7 9. Nb3 Bd6 10. c3 O-O 11. Bd3 h6 12. h3 Nf5 13. Bc2 Re8 14. Qd3 Be6
15. Be3 Qf6 16. Bc5 Rad8 17. Rfe1 g6 18. Qd2 Nh4 19. Nxh4 Qxh4 20. Bxd6 Rxd6
21. Nc5 b6 22. Nxe6 Rdxe6 23. Rxe6 Rxe6 24. Bb3 Ne7 25. Rd1 Qg5 26. Qd3 Qe5 27.
Rd2 h5 28. c4 Qc7 29. Rd1 dxc4 30. Bxc4 Rc6 31. b3 Nf5 32. Qd7 Nh6 33. Qe8+ Kg7
34. Rd8 Kf6 35. Rd7 Qf4 36. Rxf7+ Nxf7 37. Qxf7+ Ke5 38. Qd5+ Kf6 39. Qxc6+ 1-0

[Event "Bundesliga 9900"]
[Site "Deutschland"]
[Date "1999.10.09"]
[Round "1.7"]
[White "Haskamp, Stephan"]
[Black "Bacrot, Etienne"]
[Result "0-1"]
[WhiteElo "2295"]
[BlackElo "2590"]
[PlyCount "52"]
[EventDate "1999.10.09"]
[EventType "team"]
[EventRounds "15"]
[EventCountry "GER"]
[SourceTitle "Bundesliga 9900"]
[Source "DeepChess"]
[SourceDate "2005.01.01"]
[SourceVersion "1"]
[SourceVersionDate "2005.01.01"]
[SourceQuality "1"]
[WhiteTeam "SK Koenig Plauen"]
[BlackTeam "SG Porz e.V."]
[WhiteTeamCountry "GER"]
[BlackTeamCountry "GER"]

1. e4 g6 2. d4 d6 3. g3 Bg7 4. Bg2 c5 5. dxc5 Qa5+ 6. c3 Qxc5 7. Be3 Qc7 8. Ne2
Nf6 9. Nf4 e6 10. Na3 a6 11. Qb3 e5 12. Bb6 Qe7 13. O-O-O Bh6 14. Kb1 exf4 15.
e5 O-O 16. exf6 Qxf6 17. Rhe1 f3 18. Bf1 Nc6 19. Bc7 Bf5+ 20. Ka1 Rae8 21. Qxb7
d5 22. Rxe8 Rxe8 23. Qxa6 d4 24. Ba5 d3 25. Bxd3 Bxd3 26. Rxd3 Nd4 0-1

[Event "Bundesliga 9900"]
[Site "Deutschland"]
[Date "1999.10.09"]
[Round "1.8"]
[White "Nijboer, Friso"]
[Black "Kuraszkiewicz, Michael"]
[Result "1-0"]
[WhiteElo "2555"]
[BlackElo "2335"]
[PlyCount "47"]
[EventDate "1999.10.09"]
[EventType "team"]
[EventRounds "15"]
[EventCountry "GER"]
[SourceTitle "Bundesliga 9900"]
[Source "DeepChess"]
[SourceDate "2005.01.01"]
[SourceVersion "1"]
[SourceVersionDate "2005.01.01"]
[SourceQuality "1"]
[WhiteTeam "SG Porz e.V."]
[BlackTeam "SK Koenig Plauen"]
[WhiteTeamCountry "GER"]
[BlackTeamCountry "GER"]

1. e4 e6 2. d3 d5 3. Qe2 Nf6 4. Nf3 Be7 5. g3 b6 6. e5 Nfd7 7. Bg2 Bb7 8. O-O
c5 9. c4 d4 10. Nfd2 Nc6 11. f4 Qc7 12. Ne4 O-O-O 13. Nbd2 h6 14. a3 g5 15.
Nd6+ Bxd6 16. exd6 Qxd6 17. fxg5 Nce5 18. Ne4 Qc7 19. b4 Rdf8 20. bxc5 hxg5 21.
Nd6+ Kb8 22. Nxb7 f5 23. Bxg5 Ng4 24. Be7 1-0

[Event "Bundesliga 9900"]
[Site "Deutschland"]
[Date "1999.10.09"]
[Round "1.2"]
[White "Beim, Valery"]
[Black "Rustemov, Alexander"]
[Result "1-0"]
[WhiteElo "2559"]
[BlackElo "2573"]
[PlyCount "117"]
[EventDate "1999.10.09"]
[EventType "team"]
[EventRounds "15"]
[EventCountry "GER"]
[SourceTitle "Bundesliga 9900"]
[Source "DeepChess"]
[SourceDate "2005.01.01"]
[SourceVersion "1"]
[SourceVersionDate "2005.01.01"]
[SourceQuality "1"]
[WhiteTeam "TV Tegernsee"]
[BlackTeam "SV Wattenscheid 1930"]
[WhiteTeamCountry "GER"]
[BlackTeamCountry "GER"]

1. c4 f5 2. d4 Nf6 3. Nf3 g6 4. g3 Bg7 5. Bg2 O-O 6. O-O d6 7. Nc3 Nc6 8. d5
Na5 9. Qa4 b6 10. Qc2 Bd7 11. b3 c5 12. dxc6 Bxc6 13. Bb2 Rc8 14. Rad1 Qe8 15.
Qd2 h6 16. Nd4 Bxg2 17. Kxg2 Qf7 18. Qe3 Nc6 19. Nxc6 Rxc6 20. Nb5 Rc5 21. Bxf6
Qxf6 22. Rd3 Re5 23. Qd2 Qe6 24. Nc7 Qf7 25. Nd5 g5 26. e3 Re6 27. f3 Rg6 28.
Qe2 h5 29. f4 g4 30. e4 fxe4 31. Rdd1 e6 32. Ne3 Rd8 33. Qc2 Qb7 34. f5 Rf6 35.
fxe6 Rxe6 36. Rd5 Rf8 37. Rxf8+ Bxf8 38. Rxh5 Qf7 39. Rf5 Qh7 40. Qe2 Qh3+ 41.
Kg1 Bg7 42. Rg5 Kf7 43. Qxg4 Qxg4 44. Rxg4 b5 45. Nf5 Bc3 46. Rxe4 bxc4 47.
bxc4 Kf6 48. Rxe6+ Kxe6 49. Ne3 Ke5 50. Kf2 Ke4 51. Ke2 Be5 52. Ng4 Bg7 53. h4
a5 54. a4 Kd4 55. Ne3 Kc3 56. g4 Kb4 57. g5 Kxa4 58. h5 Kb3 59. h6 1-0

[Event "Bundesliga 9900"]
[Site "Deutschland"]
[Date "1999.10.09"]
[Round "1.3"]
[White "Hall, Jesper"]
[Black "Hertneck, Gerald"]
[Result "0-1"]
[WhiteElo "2476"]
[BlackElo "2561"]
[PlyCount "72"]
[EventDate "1999.10.09"]
[EventType "team"]
[EventRounds "15"]
[EventCountry "GER"]
[SourceTitle "Bundesliga 9900"]
[Source "DeepChess"]
[SourceDate "2005.01.01"]
[SourceVersion "1"]
[SourceVersionDate "2005.01.01"]
[SourceQuality "1"]
[WhiteTeam "SV Wattenscheid 1930"]
[BlackTeam "TV Tegernsee"]
[WhiteTeamCountry "GER"]
[BlackTeamCountry "GER"]

1. e4 e6 2. d3 d5 3. Nd2 Nf6 4. Ngf3 b6 5. c3 c5 6. Be2 Be7 7. O-O O-O 8. Re1
Qc7 9. Qc2 Bb7 10. Qb1 Nbd7 11. Bd1 e5 12. exd5 Nxd5 13. Nc4 f6 14. Bb3 Kh8 15.
d4 exd4 16. cxd4 Rfe8 17. Qf5 Bf8 18. Bd2 g6 19. Qh3 Bg7 20. dxc5 Nxc5 21. Bc2
f5 22. Ng5 Bf6 23. Rxe8+ Rxe8 24. Nd6 Re7 25. Nxb7 Qxb7 26. Rb1 Re2 27. Nf3 Ne4
28. Bd3 Nxd2 29. Nxd2 Nf4 30. Bxe2 Nxh3+ 31. gxh3 Qd5 32. Rd1 Qxa2 33. Nc4 b5
34. Nd6 a6 35. Ne8 Qxb2 36. Rd7 Bh4 0-1

[Event "Bundesliga 9900"]
[Site "Deutschland"]
[Date "1999.10.09"]
[Round "1.4"]
[White "Teske, Henrik"]
[Black "Sjodahl, Pontus"]
[Result "1-0"]
[WhiteElo "2515"]
[BlackElo "2419"]
[PlyCount "121"]
[EventDate "1999.10.09"]
[EventType "team"]
[EventRounds "15"]
[EventCountry "GER"]
[SourceTitle "Bundesliga 9900"]
[Source "DeepChess"]
[SourceDate "2005.01.01"]
[SourceVersion "1"]
[SourceVersionDate "2005.01.01"]
[SourceQuality "1"]
[WhiteTeam "TV Tegernsee"]
[BlackTeam "SV Wattenscheid 1930"]
[WhiteTeamCountry "GER"]
[BlackTeamCountry "GER"]

1. b3 Nf6 2. Bb2 g6 3. Bxf6 exf6 4. c4 f5 5. Nc3 Bg7 6. Rc1 O-O 7. g3 c6 8. e3
Qa5 9. Nge2 d6 10. Bg2 Nd7 11. O-O Re8 12. Qc2 Nf6 13. Rfd1 Bd7 14. d4 h5 15.
h4 Bh6 16. Nf4 Ng4 17. b4 Qc7 18. Nce2 Rac8 19. Qb3 Qd8 20. d5 c5 21. bxc5 Rxc5
22. Qxb7 Ba4 23. Rd3 Qa5 24. Nd4 Rxc4 25. Qb2 Bxf4 26. Rxc4 Ne5 27. Qc3 Nxc4
28. Qxa5 Nxa5 29. Ra3 Be5 30. Rxa4 Nb7 31. Rxa7 Nc5 32. Nc6 Bc3 33. Kf1 Kg7 34.
Ke2 Kf6 35. Bf3 Rg8 36. Kf1 Bb2 37. Be2 Re8 38. Bf3 Nd3 39. Rd7 Ba3 40. Ra7 Bc5
41. Ra4 Rc8 42. Be2 Ne5 43. Bb5 Ng4 44. Rc4 Kg7 45. Rc3 Ra8 46. a4 f6 47. Nd4
Kh6 48. Ne6 Bb4 49. Rc4 Ba5 50. Rc6 Bb4 51. Rb6 Ra7 52. Be8 Ba3 53. Ke2 g5 54.
Nd4 f4 55. Nf5+ Kh7 56. Bxh5 Bc5 57. Rb3 fxg3 58. Bxg4 Rxa4 59. f3 Ra2+ 60. Kf1
gxh4 61. Nxh4 1-0